000 01011nam a22002297a 4500
003 NALT
005 20251015141547.0
008 s2550 th tha d
020 _a9789741311378
040 _aNALT
041 _atha
050 _aGC 221.2
_bส859ส 2550
100 0 _aสุริชัย หวันแก้ว
_939578
245 1 0 _aสังคมวิทยาสึนามิ :
_bการรับมือกับภัยพิบัติ /
_cสุริชัย หวันแก้ว.
260 _aกรุงเทพฯ :
_bสถาบันวิจัยสังคม จุฬาลงกรณ์มหาวิทยาลัย,
_c2550
300 _a421 หน้า :
_bตาราง ;
_c21 ซม.
650 0 _aภัยพิบัติ
_xการจัดการ
_91995
650 0 _aสึนามิ
_925494
850 _aNALT
942 _cGB
_2lcc
998 _c103
_j1020
_k นางจำเรียง ระวังสำโรง
999 _c54915
_d54915